00381nam a2200109Ia 4500008004100000100002000041245004300061260006400104300001800168650001500186856007000201160712s9999 xx 000 0 und d aThumboo, Erwin. cErwin ThumbooaBanaue, Ifugao Province c2013bJournal of English Studies and Comparative Literature avol. 13 no. 1 xLITERATURE uhttp://journals.upd.edu.ph/index.php/jescl/issue/view/410/showToc